| 000 | 01148nam a2200277 a 4500 | ||
|---|---|---|---|
| 005 | 2011090209389.0 | ||
| 008 | 820422s1980 ii bcfj 000 0 eng | ||
| 010 | _aENG-92319 | ||
| 020 |
_c200.00 _a9788123752679 (Hb) |
||
| 020 |
_c40.00 _a9788123752662 (Pbk) |
||
| 035 | _aEN-75852 | ||
| 035 | _aG-001367 | ||
| 037 | _bDBAD / PUB | ||
| 040 |
_adpl _bEnglish |
||
| 082 | _a320.80954 | ||
| 100 |
_aBhambhri, Chander Prakash _934224 |
||
| 245 |
_aDemocracy in India / _cby Chander Prakash Bhambhri |
||
| 260 |
_bNational Book Trust _c2008 _aNew Delhi |
||
| 300 |
_a103p. _c22cm (Hb) _c22cm (Pbk) |
||
| 490 |
_aPopular social science _934230 |
||
| 650 |
_aDemocracy. _934226 |
||
| 651 |
_aIndia _xPolitics and governments _y1947- _934227 |
||
| 942 |
_2ddc _cEN _mBHA _h320.80954 |
||
| 999 |
_c20453 _d20453 |
||